| 000 | 02830cam a2200325Ii 4500 | ||
|---|---|---|---|
| 001 | om998689214 | ||
| 003 | EG-ScBUE | ||
| 005 | 20260218151119.0 | ||
| 008 | 190801s2020 ua a f b 001 0 eng d | ||
| 020 | _a9789774169632 | ||
| 040 |
_aYDX _beng _erda _cYDX _dBDX _dOCLCQ _dYDXIT _dOCLCF _dOCLCO _dMEAUC _dEG-ScBUE |
||
| 043 | _ama----- | ||
| 082 | 0 | 4 |
_a379.174927 _222 _bWAT |
| 100 | 1 |
_aWaterbury, John, _eauthor. |
|
| 245 | 1 | 0 |
_aMissions impossible : _bhigher education and policymaking in the Arab world / _cJohn Waterbury. |
| 264 | 1 |
_aCairo ; _aNew York : _bThe American University in Cairo Press, _c2020. |
|
| 300 |
_axxi, 409 pages : _billustrations ; _c24 cm |
||
| 336 |
_atext _btxt _2rdacontent |
||
| 337 |
_aunmediated _bn _2rdamedia |
||
| 338 |
_avolume _bnc _2rdacarrier |
||
| 504 | _aIncludes bibliographical references and index. | ||
| 520 | 8 | _aNone of the momentous challenges Arab universities face is unique either in kind or degree. Other societies exhibit some of the same pathologies-insufficient resources, high drop-out rates, feeble contributions to research and development, inappropriate skill formation for existing job markets, weak research incentive structures, weak institutional autonomy, and co-optation into the political order. But, it may be that the concentration of these pathologies and their depth is what sets the Arab world apart.0Missions Impossible seeks to explain the process of policymaking in higher education in the Arab world, a process that is shaped by the region's politics of autocratic rule. Higher education in the Arab world is directly linked to crises in economic growth, social inequality and, as a result, regime survival. If unsuccessful, higher education could be the catalyst to regime collapse. If successful, it could be the catalyst to sustained growth and innovation-but that, too, could unleash forces that the region's autocrats are unable to control. Leaders are risk-averse and therefore implement policies that tame the universities politically but in the process sap their capabilities for innovation and knowledge creation. The result is sub-optimal and, argues John Waterbury in this thought-provoking study, unsustainable.0Skillfully integrating international debates on higher education with rich and empirically informed analysis of the governance and finance of higher education in the Arab world today, Missions Impossible explores and dissects the manifold dilemmas that lie at the heart of educational reform and examines possible paths forward. | |
| 650 | 7 |
_aHigher education and state _zArab countries. _2BUEsh |
|
| 650 | 7 |
_aEducation, Higher _zArab countries. _2BUEsh |
|
| 650 | 7 |
_aUniversities and colleges _zArab countries. _2BUEsh |
|
| 653 |
_cFebruary2026 _bGGEN |
||
| 655 | _vReading book | ||
| 942 |
_2ddc _cBB |
||
| 999 |
_c31147 _d31118 |
||